Biblioteca

Why do you believe that? : (Registro nro. 65638)

Detalles MARC
000 -LÍDER
Campo fijo de descripción fija 01617nam a2200361 i 4500
001 - NÚMERO DE CONTROL
Campo de control 768714001
003 - IDENTIFICADOR DEL NÚMERO DE CONTROL
Campo de control CO-MdFUSB
005 - FECHA Y HORA DE LA ULTIMA TRANSACCIÓN
control field 20241002062723.0
007 - CAMPO FIJO DE DESCRIPCIÓN FIJA--INFORMACIÓN GENERAL
Campo fijo de descripción fija ta
008 - ELEMENTOS DE LONGITUD FIJA -- INFORMACIÓN GENERAL
Campo fijo de descripción fija -- Información general 200403t2005 -us |||| |||| 00| 0 eng d
020 ## - NÚMERO INTERNACIONAL NORMALIZADO PARA LIBROS
Número Internacional Normalizado del libro 9781592981281
040 ## - FUENTE DE CATALOGACIÓN
Agencia de catalogación original CO-MdFUSB
Idioma de catalogación spa
Agencia que realiza la transcripción CO-MdFUSB
Agencia que realiza la modificación CO-MdFUSBC
Convenciones de la descripción rda
041 ## - CÓDIGO DE IDIOMA
Código de idioma para texto/pista de sonido o título separado eng
082 ## - NÚMERO DE CLASIFICACIÓN DECIMAL DEWEY
Número de la edición del Dewey 23
Número de clasificación 238.1
Clave de autor-Numero de item SCH411
100 ## - ASIENTO PRINCIPAL--NOMBRE PERSONAL
Nombre personal Schwarz, John.
Término relacionador autor
245 1# - TÍTULO
Título del Material Why do you believe that? :
Parte restante del título - Subtitulo a Protestant-Catholic conversation
Mención de responsabilidad, etc. / John, Schwarz , Dwight Longenecker.
264 #1 - PRODUCCIÓN, PUBLICACIÓN, DISTRIBUCIÓN, MANUFACTURA, Y COPYRIGHT
Lugar de producción, publicación, distribución, manufactura Estados Unidos :
Nombre del productor, publicador, distribuidor Beaver’s Pond Press,
Fecha de producción, publicación, distribución, manufactura, o copyright [2005]
264 #4 - PRODUCCIÓN, PUBLICACIÓN, DISTRIBUCIÓN, MANUFACTURA, Y COPYRIGHT
Fecha de producción, publicación, distribución, manufactura, o copyright © 2005
300 ## - DESCRIPCIÓN FÍSICA
Extensión 145 páginas
Dimensiones ; 23 cm
336 ## - TIPO DE CONTENIDO
Fuente rdacontent
Término de tipo de contenido texto
Código de tipo de contenido txt
337 ## - TIPO DE MEDIO
Fuente rdamedia
Nombre del tipo de medio sin mediación
Código del tipo de medio n
338 ## - TIPO DE SOPORTE
Fuente rdacarrier
Nombre del tipo de soporte volumen
Código Tipo de soporte nc
500 ## - NOTA GENERAL
Nota General Colección Dawn Christina Harrell<br/>
505 ## - NOTA DE CONTENIDO
Nota de contenido con formato preestablecido La iglesia cristiana: el nacimiento, el crecimiento y el triunfo del cristianismo. -- Tres huelgas y estás fuera: la Reforma protestante. -- Todos a favor: creencias protestantes-católicas compartidas. -- Nunca se encontrarán los dos: Sola Scriptura y Sola Fide. -- Peter, Paul y Mary: el papado y la Virgen María. -- Los sacramentos: misterio, significado y mumbo jumbo. -- Creencias católicas únicas: ¿equipamiento estándar o extras opcionales? -- Algunas reflexiones finales. -- Una guía para leer más.
563 ## - NOTA DE ENCUADERNACIÓN
Nota de encuadernación Tapa dura
610 27 - ASIENTO SECUNDARIO DE MATERIA - NOMBRE CORPORATIVO
Nombre corporativo o nombre de la jurisdicción como elemento de entrada Iglesia Católica
650 #0 - ASIENTO SECUNDARIO DE MATERIA - TERMINO TEMÁTICO
9 (RLIN) 683
Término temático o nombre geográfico como elemento de entrada Credos
650 #7 - ASIENTO SECUNDARIO DE MATERIA - TERMINO TEMÁTICO
Término temático o nombre geográfico como elemento de entrada Cristianismo
Subdivisión general Historia
Subdivisión cronológica 0030-0600 (Iglesia primitiva)
Fuente del encabezamiento o término
9 (RLIN) 217
700 ## - ASIENTO SECUNDARIO - NOMBRE PERSONAL
9 (RLIN) 3264
Nombre personal Longenecker, Dwight.
942 ## - TIPO DE MATERIAL (KOHA)
Tipo de Item KOHA Libros General
945 ## - INFORMACIÓN LOCAL DEL REGISTRO
Catalogador JTF-925
Existencias
Estado de Material Estado de Perdido Forma de Clasificación Estado de Dañado No para Préstamo Colección Biblioteca de Origen Biblioteca Permanente Fecha de Adquisición Forma de Adquisición Área Total de Préstamos Signatura Topográfica Código de Barras Última vez visto Ejemplar/Existencia Fecha de Remplazo Tipo de Material
    Dewey Decimal Classification     Colección General Biblioteca FUSBC Biblioteca FUSBC 03/04/2020 Colección Dawn Christina Harrell HISTORIA   G 238.1 SCH411w 21239 03/04/2020 Ej.1 03/04/2020 Libros General

Biblioteca FUSBC | Teléfono: (57+4) 349 88 10 Ext. 141| WhatsApp (+57) 3005338115 
E-mail: biblioteca@unisbc.edu.co | Calle 76 87-14 Robledo Palenque, Medellín, Colombia

Con tecnología Koha